00722nam a2200169 a 450000100100000000500170001000800410002704000250006808200150009310000400010824500840014826000410023230000350027395201130030895201140042199900170053500003660520200930075826.0110404s1999 dr 000 0 spa d aDO-SdBNPbspacBNPHU axxxxbxxxx1 aKokoszko de Detyniecki, Anna96288710aArte en la Casona :brestaurar una colección /cAnna Kokoszko de Detyniecki;. aCaracas :bFundación Polar,c1999. a92 p. :bil., retrs. ;c29 cm. 0010718PDaGRbGRcHDd2012-01-23iLF1l0oxxxx xxxxp36605-10r2020-06-25w2020-06-25yLFPDZNo se presta 00107-18PDaGRbGRcOId2012-01-23iLF1l0oxxxx xxxxp36606-10r2020-06-25w2020-06-25yLFPDZNo se presta c36096d36096